Statistieken voor Noord-Amerikaanse steden in de top 200 Wereldwijd

Klik hier om de quiz te nemen!

Algemene statistieken

  • Deze quiz is 89 keer genomen
  • De gemiddelde score is 15 van 31

Antwoordstatistieken

RangBevolkingStad% Correct
1022.40MNew York
100%
1717.80MLos Angeles
97%
458.55MWashington D.C.
90%
409.75MChicago
83%
607.10MDallas
74%
517.85MSan Francisco
74%
666.60MHouston
72%
686.35MMiami
71%
922.80MMexico-Stad
69%
557.65MBoston
62%
765.70MDetroit
59%
1553.33MSan Diego
57%
1094.38MSeattle
55%
755.80MAtlanta
53%
1044.56MPhoenix
52%
1343.70MDenver
48%
577.35MPhiladelphia
48%
1902.75MVancouver
47%
587.35MToronto
43%
1114.25MMontréal
40%
1473.38MOrlando
36%
1104.30MTampa
29%
1653.15MMinneapolis
28%
1733.08MCleveland
24%
845.25MGuadalajara
21%
1653.15MGuatemala-Stad
19%
934.23MMonterrey
17%
1892.78MCincinnati
14%
1693.13MPort-au-Prince
10%
1693.13MPuebla
10%
1253.90MSanto Domingo
10%

Scoreverdeling

Percentiel versus Aantal Correcte Antwoorden

Procent van Mensen met Elke Score

Uw Scoregeschiedenis

U heeft deze quiz nog niet genomen